Biblioteca

The discipline of the evangelical united brethren church (Registro nro. 37279)

Detalles MARC
000 -LÍDER
Campo fijo de descripción fija 01123aam a2200313 i 4500
001 - NÚMERO DE CONTROL
Campo de control 7044
003 - IDENTIFICADOR DEL NÚMERO DE CONTROL
Campo de control CO-MdFUSB
005 - FECHA Y HORA DE LA ULTIMA TRANSACCIÓN
control field 20230830113129.0
007 - CAMPO FIJO DE DESCRIPCIÓN FIJA--INFORMACIÓN GENERAL
Campo fijo de descripción fija ta
008 - ELEMENTOS DE LONGITUD FIJA -- INFORMACIÓN GENERAL
Campo fijo de descripción fija -- Información general 230830t1963 us ||||g |||| 00| 0 eng d
040 ## - FUENTE DE CATALOGACIÓN
Idioma de catalogación spa
Agencia de catalogación original CO-MdFUSB
Agencia que realiza la transcripción CO-MdFUSB
Agencia que realiza la modificación CO-MdFUSBC
Convenciones de la descripción rda
041 ## - CÓDIGO DE IDIOMA
Código de idioma para texto/pista de sonido o título separado eng
082 04 - NÚMERO DE CLASIFICACIÓN DECIMAL DEWEY
Número de la edición del Dewey 23
Número de clasificación 262.9
Clave de autor-Numero de item U5813d
245 04 - TÍTULO
Título del Material The discipline of the evangelical united brethren church
264 #1 - PRODUCCIÓN, PUBLICACIÓN, DISTRIBUCIÓN, MANUFACTURA, Y COPYRIGHT
Lugar de producción, publicación, distribución, manufactura Dayton, Ohio, USA :
Nombre del productor, publicador, distribuidor The Evangelical United Brethren Church,
Fecha de producción, publicación, distribución, manufactura, o copyright 1963
300 ## - DESCRIPCIÓN FÍSICA
Extensión 554 páginas
Dimensiones ; 19 cm
336 ## - TIPO DE CONTENIDO
Término de tipo de contenido texto
Código de tipo de contenido txt
Fuente rdacontent
337 ## - TIPO DE MEDIO
Fuente rdamedia
Nombre del tipo de medio sin mediación
Código del tipo de medio n
338 ## - TIPO DE SOPORTE
Fuente rdacarrier
Nombre del tipo de soporte volumen
Código Tipo de soporte nc
504 ## - NOTA DE BIBLIOGRAFÍA, ETC.
Nota de bibliografía, etc Incluye índice
505 ## - NOTA DE CONTENIDO
Nota de contenido con formato preestablecido Declaración histórica -- Derecho constitucional -- Economía temporal -- Constituciones de instituciones y organismos -- Rituales -- Certificados y formularios -- Código de ética de los ministros -- Conferencias y áreas episcopales
563 ## - NOTA DE ENCUADERNACIÓN
Nota de encuadernación Tapa dura
650 #7 - ASIENTO SECUNDARIO DE MATERIA - TERMINO TEMÁTICO
9 (RLIN) 655
Término temático o nombre geográfico como elemento de entrada Iglesia
653 ## - TÉRMINO DE INDIZACIÓN - NO CONTROLADO
Término no controlado Gobierno eclesiástico
653 ## - TÉRMINO DE INDIZACIÓN - NO CONTROLADO
Término no controlado Eclesiología--cristianismo
942 ## - TIPO DE MATERIAL (KOHA)
Tipo de Item KOHA Libros General
945 ## - INFORMACIÓN LOCAL DEL REGISTRO
Catalogador AF
Existencias
Estado de Material Estado de Perdido Forma de Clasificación Estado de Dañado No para Préstamo Colección Tomo Biblioteca de Origen Biblioteca Permanente Fecha de Adquisición Total de Préstamos Signatura Topográfica Código de Barras Última vez visto Ejemplar/Existencia Fecha de Remplazo Tipo de Material
    Dewey Decimal Classification     Colección General   Biblioteca FUSBC Biblioteca FUSBC 06/01/2005   G 262.9 U5813d 5895 12/12/2019 Ej. 1 26/01/2016 Libros General

Biblioteca FUSBC | Teléfono: (57+4) 349 88 10 Ext. 141| WhatsApp (+57) 3005338115 
E-mail: biblioteca@unisbc.edu.co | Calle 76 87-14 Robledo Palenque, Medellín, Colombia

Con tecnología Koha